| 000 -LEADER |
| fixed length control field |
01275pab a2200181 454500 |
| 008 - FIXED-LENGTH DATA ELEMENTS--GENERAL INFORMATION |
| fixed length control field |
180718b2000 xxu||||| |||| 00| 0 eng d |
| 100 ## - MAIN ENTRY--PERSONAL NAME |
| Personal name |
Siddhartha Prakash |
| 245 ## - TITLE STATEMENT |
| Title |
Political economy of Kashmir since 1947 |
| 260 ## - PUBLICATION, DISTRIBUTION, ETC. |
| Date of publication, distribution, etc. |
2000 |
| 300 ## - PHYSICAL DESCRIPTION |
| Extent |
p.2051-067 |
| 362 ## - DATES OF PUBLICATION AND/OR SEQUENTIAL DESIGNATION |
| Dates of publication and/or sequential designation |
10 Jun |
| 520 ## - SUMMARY, ETC. |
| Summary, etc. |
Discourse on Kashmir has been polarised either in favour of secession from India, or in support of a union with India. However the nature of state intervention within Kashmir over the past 50 years is a critical missing link within academic discourse. A holistic analysis requires careful disentanglement from the evidence and a conclusion that is not biased to any one piece of the puzzle. Of course, this could result in an alternative hypothesis; one that may be a hybrid position and not necessarily a new perspective. A political economy framework sheds new light on the political intrigues that thwarted the welfare maximising benefits of the state's economic policies. Over time, this fuelled dissent, which mobilised into militancy, catalysed by several factors. - Reproduced |
| 650 ## - SUBJECT ADDED ENTRY--TOPICAL TERM |
| Topical term or geographic name entry element |
Economics - Jammu and Kashmir |
| 650 ## - SUBJECT ADDED ENTRY--TOPICAL TERM |
| Topical term or geographic name entry element |
Jammu and Kashmir - Economic conditions |
| 650 ## - SUBJECT ADDED ENTRY--TOPICAL TERM |
| Topical term or geographic name entry element |
Economic conditions |
| 773 ## - HOST ITEM ENTRY |
| Main entry heading |
Economic and Political Weekly |
| 909 ## - |
| -- |
45208 |